3D motion tracking : παραγωγή διαφημιστικού βίντεο συνδυαστικής χρήσης τριδιάστατων γραφικών με ζωντανά πλάνα : μεταπτυχιακή διπλωματική διατριβή

Αποθηκεύτηκε σε:
Λεπτομέρειες βιβλιογραφικής εγγραφής
Κύριος συγγραφέας: Αταλασίδης-Καραντίνης, Βασίλειος
Συγγραφή απο Οργανισμό/Αρχή: Πανεπιστήμιο Αιγαίου. Σχολή Κοινωνικών Επιστημών. Τμήμα Πολιτισμικής Τεχνολογίας και Επικοινωνίας. Πρόγραμμα Μεταπτυχιακών Σπουδών Πολιτισμική Πληροφορική και Επικοινωνία
Άλλοι συγγραφείς: Στάθη, Ειρήνη (Εισηγητής διατριβής)
Μορφή: Thesis Βιβλίο
Γλώσσα:Greek
Δημοσίευση: 2012
Θέματα:
Διαθέσιμο Online:http://hdl.handle.net/11610/16158
Ετικέτες: Προσθήκη ετικέτας
Δεν υπάρχουν, Καταχωρήστε ετικέτα πρώτοι!

MARC

LEADER 00000cam a2200000 i 4500
001 1/21093
008 120622s2012 gre d
035 |l 10112816 
040 |a GR-MY-UA  |b gre  |e aacr 
041 0 |a gre 
082 0 |a 778  |2 (22) 
100 1 |a Αταλασίδης-Καραντίνης, Βασίλειος. 
245 1 0 |a 3D motion tracking :  |b παραγωγή διαφημιστικού βίντεο συνδυαστικής χρήσης τριδιάστατων γραφικών με ζωντανά πλάνα : μεταπτυχιακή διπλωματική διατριβή /  |c Αταλασίδης-Καραντίνης Βασίλειος ; επιβλέπουσα: Ειρήνη Στάθη 
260 |c 2012 
300 |a 74 σ.;  |b εικ.;  |c 30 εκ. 
500 |a Βιβλιογραφία: σ. 45-47 
502 |a Διατριβή (μεταπτυχιακή) – Πανεπιστήμιο Αιγαίου, Λέσβος, 2012. 
650 0 0 |a Computer animation. 
650 0 0 |a Computer graphics. 
650 0 0 |a Animated films. 
650 0 0 |a Cinematography  |x Special effects. 
650 0 0 |a Cinematography. 
650 0 0 |a Dissertations, Academic  |z Greece. 
700 1 |a Στάθη, Ειρήνη.  |4 ths 
710 2 |a Πανεπιστήμιο Αιγαίου.   |b Σχολή Κοινωνικών Επιστημών.   |b Τμήμα Πολιτισμικής Τεχνολογίας και Επικοινωνίας.   |b Πρόγραμμα Μεταπτυχιακών Σπουδών Πολιτισμική Πληροφορική και Επικοινωνία. 
852 |a INST  |b LESVOS  |c DIATR  |e 20120622  |h 449  |p 005100052264  |q 005100052264  |t MTXE  |y 23 
852 |a INST  |b LESVOS  |c DIATR  |e 20120622  |h 450  |p 005100052263  |q 005100052263  |t MTXE  |y 23 
856 |u http://hdl.handle.net/11610/16158 
901 |a BIBL1-2012-2 
909 |a Λ  |b 175018 
909 |a Λ  |b 175017 
924 |a ΑΤΑΛΑΣΙΔΗΣ=ΚΑΡΑΝΤΙΝΗΣ  |b ΒΑΣΙΛΕΙΟΣ  |y ΛΕΣΒΟΣ  |z 2012-04 
970 |a ΤΖΑΦΕΡΗ  |b ΕΥΑΓΓΕΛΙΑ  |z 2012/06/22